|
|
|
|
| LEADER |
00000nab a2200000 4500 |
| 001 |
vtls012007242 |
| 003 |
SK-MaSNL |
| 005 |
20260426061059.0 |
| 008 |
240430|2019 xo ||||||| |||0 b|slo |
| 015 |
|
|
|a SNBRA2020/12
|
| 038 |
|
|
|a SVKPOCL
|
| 040 |
|
|
|a SVKPOCL
|b slo
|c SVKPOCL
|e rda
|
| 041 |
0 |
|
|a slo
|
| 044 |
|
|
|a xo
|c SK
|
| 072 |
|
7 |
|a 316.7
|x Sociológia kultúry. Kultúrny život
|2 konspekt
|
| 080 |
|
|
|a (048.83)
|2 2011
|
| 080 |
|
|
|a 655+686.1
|2 2011
|
| 080 |
|
|
|a 316.7
|2 2011
|
| 080 |
|
|
|a (437.67)
|2 2011
|
| 080 |
|
|
|a 929-058.1
|2 2001
|
| 080 |
|
|
|a 070.447
|2 2001
|
| 100 |
1 |
|
|a Němcová, Lucia,
|d 1981-
|4 aut
|9 415229
|
| 245 |
1 |
0 |
|a Vývoj kultúry východného Slovenska. Eds. Martina Feniková Čarnogurská, Angela Kurucová ...
|c Lucia Němcová
|
| 336 |
|
|
|a text
|b txt
|2 rdacontent
|
| 337 |
|
|
|a bez média
|b n
|2 rdamedia
|
| 338 |
|
|
|a zväzok
|b nc
|2 rdacarrier
|
| 500 |
|
|
|a V rubrike Recenzie / Anotácie
|
| 650 |
0 |
7 |
|a zborníky
|2 SNKPH
|9 108488
|
| 650 |
0 |
7 |
|a knižná kultúra
|2 SNKPH
|9 31235
|
| 650 |
0 |
7 |
|a kultúra
|2 SNKPH
|9 886
|
| 650 |
0 |
7 |
|a osobnosti
|2 SNKPH
|9 29820
|
| 651 |
|
7 |
|a Slovensko východné
|2 SNKPH
|9 161134
|
| 655 |
|
7 |
|a recenzie
|2 snkbucl
|9 21907
|
| 773 |
0 |
|
|t Z dejín národnej kultúry Slovenska I. : (udalosti, osobnosti a pamiatky z obdobia formovania moderného slovenského národa)
|d Prešov: Štátna vedecká knižnica v Prešove, 2019
|g S. 199-200, 201
|z 9788089614646
|w vtls011967159
|
| 787 |
0 |
8 |
|i Poznámky k:
|t Vývoj kultúry východného Slovenska : zborník z konferencie
|d Košice: Štátna vedecká knižnica v Košiciach, 2017
|z 9788085328684
|w vtls011727555
|
| 852 |
|
|
|a SVKPO
|b KIS3GCP
|
| 958 |
|
|
|a SK
|
| 958 |
|
|
|a SS
|
| 958 |
|
|
|a LX
|
| 958 |
|
|
|a NM
|
| 958 |
|
|
|a BX
|
| 958 |
|
|
|a RC
|
| 999 |
|
|
|c 2247921
|d 2249851
|